Statistics for Top 15 Countries with Covid-19 Cases - 19 June

Click here to take the quiz!

General Stats

  • This quiz has been taken 9 times
  • The average score is 18 of 27

Answer Stats

country% Correct
Germany
89%
Italy
89%
Russia
89%
Spain
89%
United Kingdom
89%
United States
89%
Belgium
78%
Brazil
78%
France
78%
India
78%
Iran
78%
Mexico
78%
Pakistan
78%
Peru
78%
Sweden
78%
Turkey
78%
Chile
67%
Chile
67%
Bahrain
44%
Belarus
44%
Ireland
44%
Kuwait
44%
Qatar
44%
Singapore
44%
Oman
33%
Panama
33%
Armenia
22%

Score Distribution

Percentile by Number Answered

Percent of People with Each Score

Your Score History

You have not taken this quiz